00623nam a22001817a 450000500170000000800390001702000180005604000570007404100080013110000250013924500830016426000290024730000180027650400410029465000440033565000480037965000140042720140903174928.0131004s2013 ck frn 00010dspa a9789588789408 aCO-BoUCMbspacAngélica RojasdAldemar Mondragón00aspa1 aCruz Niño, Esteban14aLos monstruos en Colombia sí existen asesinos en seriecEsteban Cruz Niño aBogotábGrijalboc2013 a264 páginas aIncluye referencias bibliográficas 4aAsesinos en seriex Historiaz Colombia 4aAsesinos en seriez Colombiav Biografías 4aHomicidio